000
00301nam a22001211a 4500
999
_c
167899
_d
167899
082
_a
H 181.482
_b
DAS/E
100
_a
Dasharath Ojha
245
_a
Ekta ke devdoot :
_b
Sankaracarya/
_c
by Dasharath Ojha.
260
_a
New Delhi:
_b
Rajpal,
_c
300
_a
650
_a
Advaita Philosophy
942
_c
BK